[Event "SRI-ch (Women)"]
[Site "Colombo"]
[Date "2017.08.14"]
[Round "8"]
[White "Tharushi, THD Niklesha"]
[Black "Yashora, Tiumi"]
[Result "1/2-1/2"]
[WhiteElo "1582"]
[BlackElo "1706"]
[PlyCount "58"]
[EventDate "2017.08.10"]
[EventType "tourn"]
[EventRounds "13"]
[EventCountry "SRI"]
[SourceTitle "CBM 180 Extra"]
[Source "ChessBase"]
[SourceDate "2017.10.06"]
[SourceVersion "1"]
[SourceVersionDate "2017.10.06"]
[SourceQuality "1"]

1. Nf3 c5 2. g3 Nc6 3. Bg2 g6 4. 0-0 Bg7 5. d3 e5 6. e4 Nge7 7. c3 d5 8. Qe2 d4 9. cxd4 cxd4 10. Nh4 0-0 11. f4 f6 12. f5 g5 13. Nf3 Bd7 14. b3 b5 15. Na3 Qb6 16. h3 Nc8 17. Nh2 Nd6 18. Bf3 Kf7 19. Kh1 a5 20. Rg1 a4 21. Rb1 axb3 22. axb3 Nb4 23. h4 h6 24. Bg2 Ke7 25. Bf1 Be8 26. Bh3 Bf7 27. Rf1 Nb7 28. Qd2 Qc5 29. Bb2 Nc6 1/2-1/2

[Event "SRI-ch (Women)"]
[Site "Colombo"]
[Date "2017.08.11"]
[Round "3"]
[White "Mendis, Dasuni Hansika"]
[Black "Yashora, Tiumi"]
[Result "1/2-1/2"]
[WhiteElo "1663"]
[BlackElo "1706"]
[PlyCount "64"]
[EventDate "2017.08.10"]
[EventType "tourn"]
[EventRounds "13"]
[EventCountry "SRI"]
[SourceTitle "CBM 180 Extra"]
[Source "ChessBase"]
[SourceDate "2017.10.06"]
[SourceVersion "1"]
[SourceVersionDate "2017.10.06"]
[SourceQuality "1"]

1. d4 Nf6 2. c4 e6 3. a3 d5 4. Nc3 c5 5. dxc5 Bxc5 6. cxd5 Nxd5 7. Nxd5 exd5 8. Nf3 Qa5+ 9. Qd2 Qb6 10. e3 Be6 11. Be2 a5 12. 0-0 Nc6 13. Qd3 h6 14. Qb5 0-0 15. Qxb6 Bxb6 16. Bd2 Rfd8 17. Bb5 f6 18. Rac1 Bd7 19. Be2 Bg4 20. h3 Be6 21. Rfd1 d4 22. e4 d3 23. Bf1 Bb3 24. Re1 Bc2 25. b4 Nd4 26. e5 Nxf3+ 27. gxf3 f5 28. e6 Bd4 29. e7 Re8 30. Re6 Bb2 31. Rce1 Bxa3 32. bxa5 Kf7 1/2-1/2

[Event "SRI-chB (Women)"]
[Site "Narahenpita"]
[Date "2017.05.12"]
[Round "1"]
[White "Waduge, TSHA"]
[Black "Yashora, Tiumi"]
[Result "0-1"]
[WhiteElo "1269"]
[BlackElo "1682"]
[PlyCount "78"]
[EventDate "2017.05.12"]
[EventType "swiss"]
[EventRounds "10"]
[EventCountry "SRI"]
[SourceTitle "CBM 178 Extra"]
[Source "ChessBase"]
[SourceDate "2017.06.22"]
[SourceVersion "1"]
[SourceVersionDate "2017.06.22"]
[SourceQuality "1"]

1. d4 Nf6 2. c4 e6 3. a3 d5 4. Nc3 c5 5. cxd5 cxd4 6. Qxd4 Nc6 7. Qd1 exd5 8. e3 Bd6 9. Nf3 0-0 10. Be2 Be6 11. 0-0 a6 12. Nd4 Nxd4 13. Qxd4 Qc7 14. h3 Rac8 15. Bd2 Rfd8 16. Rfc1 Qb8 17. Bf3 Be5 18. Qd3 d4 19. exd4 Bxd4 20. Qe2 Bc4 21. Qe1 Re8 22. Qd1 Rcd8 23. Qc2 Qd6 24. Ne4 Nxe4 25. Bxe4 Bxf2+ 26. Kh1 Qxd2 27. Qxd2 Rxd2 28. Rxc4 Rxb2 29. Rc7 Bg3 30. Rxb7 Re2 31. Bxh7+ Kxh7 32. Rf1 f6 33. a4 Re1 34. Rb1 Rxb1 35. Rxb1 Re1+ 36. Rxe1 Bxe1 37. Kg1 Kg6 38. Kf1 Bc3 39. Ke2 Kf5 0-1

[Event "Wch U18 Girls"]
[Site "Durban"]
[Date "2014.09.23"]
[Round "6"]
[White "Hiebler, Laura"]
[Black "Yashora, Tiumi"]
[Result "1/2-1/2"]
[WhiteElo "1901"]
[BlackElo "1706"]
[PlyCount "105"]
[EventDate "2014.09.20"]
[EventType "swiss"]
[EventRounds "11"]
[EventCountry "RSA"]
[SourceTitle "CBM 162 Extra"]
[Source "ChessBase"]
[SourceDate "2014.10.17"]
[SourceVersion "1"]
[SourceVersionDate "2014.10.17"]
[SourceQuality "1"]

1. c4 c5 2. Nc3 Nf6 3. g3 d5 4. cxd5 Nxd5 5. Bg2 Nc7 6. Nf3 Nc6 7. 0-0 e5 8. d3 Be7 9. Be3 Be6 10. Na4 b6 11. Qd2 0-0 12. Nc3 Nd5 13. Rfd1 Rc8 14. Ng5 Bxg5 15. Bxg5 f6 16. Nxd5 Bxd5 17. Be3 Bxg2 18. Kxg2 Nb4 19. a3 Qd5+ 20. Kg1 Nc6 21. Rdc1 Na5 22. b4 Nb3 23. Qa2 Rfd8 24. bxc5 Nxa1 25. Qxd5+ Rxd5 26. Rxa1 bxc5 27. Rc1 Kf7 28. Kf1 Ke6 29. Ke1 Kd7 30. Rc4 Kc6 31. Kd2 Rb8 32. Kc2 Rb5 33. f3 Kb7 34. Ra4 Rd6 35. Rc4 Rdb6 36. Bxc5 Rb2+ 37. Kd1 Rb1+ 38. Kd2 R6b2+ 39. Rc2 Rxc2+ 40. Kxc2 Rb5 41. Bf8 g6 42. e4 Kc6 43. h4 f5 44. exf5 gxf5 45. g4 fxg4 46. fxg4 Rd5 47. g5 Rd4 48. h5 Rh4 49. h6 Rg4 50. Be7 a6 51. Kc3 Kd7 52. Bf6 Ke6 53. Kb3 1/2-1/2

[Event "Wch U18 Girls"]
[Site "Durban"]
[Date "2014.09.21"]
[Round "2"]
[White "Regam, Jessica"]
[Black "Yashora, Tiumi"]
[Result "0-1"]
[WhiteElo "2031"]
[BlackElo "1706"]
[PlyCount "100"]
[EventDate "2014.09.20"]
[EventType "swiss"]
[EventRounds "11"]
[EventCountry "RSA"]
[SourceTitle "CBM 162 Extra"]
[Source "ChessBase"]
[SourceDate "2014.10.17"]
[SourceVersion "1"]
[SourceVersionDate "2014.10.17"]
[SourceQuality "1"]

1. e4 c5 2. Nf3 Nc6 3. d4 cxd4 4. Nxd4 g6 5. c4 Bg7 6. Be3 Nf6 7. Nc3 Ng4 8. Qxg4 Nxd4 9. Qd1 e5 10. Be2 0-0 11. 0-0 d6 12. Qd2 a6 13. Rfd1 Be6 14. Rac1 Rc8 15. b3 Qa5 16. Qb2 Qb4 17. Na4 Qa5 18. Nc3 Qb4 19. Qd2 Qa5 20. Bf1 Rfd8 21. f3 Rd7 22. Qb2 Qb6 23. Qf2 Qa5 24. Qb2 f5 25. Bd3 Nc6 26. Qf2 Qd8 27. Bb6 Qf8 28. exf5 gxf5 29. Bb1 Rf7 30. Qd2 Bh6 31. Be3 Bxe3+ 32. Qxe3 Nd4 33. f4 Qg7 34. Ne2 Nxe2+ 35. Qxe2 Rd7 36. Rc3 Qf6 37. fxe5 dxe5 38. Rxd7 Bxd7 39. Rd3 Bc6 40. Qh5 e4 41. Rd1 Kh8 42. Rf1 Qd4+ 43. Kh1 Rf8 44. Qh6 Rg8 45. Qf4 Qb2 46. Bc2 e3 47. Rb1 Bxg2+ 48. Kg1 Bh3+ 49. Kh1 Qf6 50. Be4 Qd4 0-1

[Event "Olympiad Women-41"]
[Site "Tromsoe"]
[Date "2014.08.11"]
[Round "9.2"]
[White "Cho, Yeonhee"]
[Black "Yashora, Tiumi"]
[Result "0-1"]
[WhiteElo "1525"]
[BlackElo "1715"]
[PlyCount "58"]
[EventDate "2014.08.02"]
[EventType "team-swiss"]
[EventRounds "11"]
[EventCountry "NOR"]
[SourceTitle "CBM 162"]
[Source "ChessBase"]
[SourceDate "2014.09.17"]
[SourceVersion "1"]
[SourceVersionDate "2014.09.17"]
[SourceQuality "1"]
[WhiteTeam "South Korea (W)"]
[BlackTeam "Sri Lanka (W)"]
[WhiteTeamCountry "KOR"]
[BlackTeamCountry "SRI"]

1. e4 c5 2. Nf3 Nc6 3. Bb5 a6 4. Bxc6 bxc6 5. Nc3 d6 6. d4 cxd4 7. Qxd4 Bd7 8. Be3 c5 9. Qd3 Bc6 10. 0-0 g6 11. Rfd1 Bg7 12. Nd2 Nh6 13. f3 0-0 14. Nf1 Kh8 15. Ng3 Qa5 16. Nge2 Rab8 17. Rab1 Ng8 18. Qd2 f5 19. exf5 Rxf5 20. b3 Rf7 21. Qd3 Nh6 22. Bd2 Qb6 23. Qc4 Rbf8 24. Nf4 Bd4+ 25. Kh1 Rxf4 26. Bxf4 Rxf4 27. Ne2 Bb5 28. Qe6 Bxe2 29. Qxe2 Rf7 0-1

[Event "Olympiad Women-41"]
[Site "Tromsoe"]
[Date "2014.08.10"]
[Round "8.2"]
[White "Yashora, Tiumi"]
[Black "Miller, Rachel"]
[Result "0-1"]
[WhiteElo "1715"]
[BlackElo "1782"]
[PlyCount "66"]
[EventDate "2014.08.02"]
[EventType "team-swiss"]
[EventRounds "11"]
[EventCountry "NOR"]
[SourceTitle "CBM 162"]
[Source "ChessBase"]
[SourceDate "2014.09.17"]
[SourceVersion "1"]
[SourceVersionDate "2014.09.17"]
[SourceQuality "1"]
[WhiteTeam "Sri Lanka (W)"]
[BlackTeam "Jamaica (W)"]
[WhiteTeamCountry "SRI"]
[BlackTeamCountry "JAM"]

1. d4 Nf6 2. c4 c5 3. d5 b5 4. cxb5 a6 5. b6 Qxb6 6. Nc3 g6 7. Nf3 d6 8. Nd2 Bg7 9. e4 0-0 10. Be2 Nbd7 11. 0-0 Ne5 12. h3 g5 13. Nf3 Nxf3+ 14. Bxf3 h6 15. Na4 Qd8 16. Rb1 Rb8 17. Bd2 Bd7 18. Nc3 Qc8 19. Be2 Kh8 20. Qc1 Rg8 21. f3 Nh5 22. g4 Bd4+ 23. Kg2 Nf6 24. Rh1 Kg7 25. h4 Rh8 26. hxg5 hxg5 27. Rxh8 Qxh8 28. Bxg5 Qh7 29. Bxf6+ Bxf6 30. g5 Qh3+ 31. Kf2 Qh2+ 32. Ke1 Qg3+ 33. Kd1 Bxg5 0-1

[Event "Olympiad Women-41"]
[Site "Tromsoe"]
[Date "2014.08.04"]
[Round "3.2"]
[White "Khan, Nazrana"]
[Black "Yashora, Tiumi"]
[Result "1-0"]
[WhiteElo "2001"]
[BlackElo "1715"]
[PlyCount "79"]
[EventDate "2014.08.02"]
[EventType "team-swiss"]
[EventRounds "11"]
[EventCountry "NOR"]
[SourceTitle "CBM 162"]
[Source "ChessBase"]
[SourceDate "2014.09.17"]
[SourceVersion "1"]
[SourceVersionDate "2014.09.17"]
[SourceQuality "1"]
[WhiteTeam "Bangladesh (W)"]
[BlackTeam "Sri Lanka (W)"]
[WhiteTeamCountry "BAN"]
[BlackTeamCountry "SRI"]

1. d4 Nf6 2. c4 e6 3. Nf3 c5 4. Nc3 cxd4 5. Nxd4 a6 6. g3 Bb4 7. Bd2 Qb6 8. e3 Nc6 9. Nf3 0-0 10. Bg2 d5 11. cxd5 exd5 12. 0-0 Bf5 13. Nh4 Bd3 14. Re1 Rfd8 15. Na4 Qb5 16. a3 Bxd2 17. Qxd2 Ne4 18. Qd1 d4 19. Rc1 dxe3 20. Rxe3 Bc4 21. Qc2 Nd2 22. Nc3 Qg5 23. Ne4 Nxe4 24. Bxe4 Be6 25. Bxh7+ Kh8 26. Be4 Nd4 27. Qb1 Bg4 28. Rce1 Rab8 29. Bg2 Rdc8 30. Be4 Ne2+ 31. Kg2 Nd4 32. f3 Be6 33. f4 Qb5 34. Kg1 f5 35. Bd3 Bc4 36. Qd1 Bxd3 37. Rxd3 Rd8 38. Re7 Ne2+ 39. Qxe2 Qxd3 40. Qh5+ 1-0

[Event "Olympiad Women-41"]
[Site "Tromsoe"]
[Date "2014.08.02"]
[Round "1.2"]
[White "Frisk, Ellinor"]
[Black "Yashora, Tiumi"]
[Result "1-0"]
[WhiteElo "2257"]
[BlackElo "1715"]
[PlyCount "67"]
[EventDate "2014.08.02"]
[EventType "team-swiss"]
[EventRounds "11"]
[EventCountry "NOR"]
[SourceTitle "CBM 162"]
[Source "ChessBase"]
[SourceDate "2014.09.17"]
[SourceVersion "1"]
[SourceVersionDate "2014.09.17"]
[SourceQuality "1"]
[WhiteTeam "Sweden (W)"]
[BlackTeam "Sri Lanka (W)"]
[WhiteTeamCountry "SWE"]
[BlackTeamCountry "SRI"]

1. Nf3 c5 2. c4 Nf6 3. g3 d5 4. d4 cxd4 5. Bg2 Nc6 6. Nxd4 e5 7. Nxc6 bxc6 8. 0-0 Be7 9. Nc3 Be6 10. Bg5 e4 11. Qa4 0-0 12. Rad1 Qe8 13. Bxf6 Bxf6 14. cxd5 cxd5 15. Qxe8 Rfxe8 16. Nxd5 Bxd5 17. Rxd5 Bxb2 18. Rb1 Bf6 19. Rd7 Rad8 20. Rxa7 e3 21. f4 Rd2 22. Bf3 Kf8 23. a4 Bd4 24. Rc7 Ra2 25. Rxf7+ Kxf7 26. Bd5+ Kf6 27. Bxa2 Rc8 28. Bd5 Rc2 29. Kf1 Rc5 30. Bg8 h6 31. Kg2 Ra5 32. Rb4 Bc3 33. Re4 Bd2 34. Re6+ 1-0

[Event "Ambalangoda Dhamso op 4th"]
[Site "Ambalangoda"]
[Date "2014.05.03"]
[Round "7"]
[White "Wijekoon, Chandana"]
[Black "Yashora, Tiumi"]
[Result "1-0"]
[WhiteElo "2027"]
[BlackElo "1701"]
[PlyCount "23"]
[EventDate "2014.04.30"]
[EventType "swiss"]
[EventRounds "9"]
[EventCountry "SRI"]
[SourceTitle "CBM 160 Extra"]
[Source "ChessBase"]
[SourceDate "2014.07.01"]
[SourceVersion "1"]
[SourceVersionDate "2014.07.01"]
[SourceQuality "1"]

1. e4 e5 2. Nc3 Nf6 3. f4 Bb4 4. fxe5 Ng8 5. Nf3 Nc6 6. Bc4 Bxc3 7. bxc3 Qe7 8. d4 d6 9. exd6 Qxe4+ 10. Kf2 Qg6 11. Re1+ Kd7 12. d5 1-0

[Event "SRI-ch (Women)"]
[Site "Colombo"]
[Date "2014.03.22"]
[Round "10"]
[White "Thilakawardana, Supeshala"]
[Black "Yashora, Tiumi"]
[Result "1/2-1/2"]
[WhiteElo "1765"]
[BlackElo "1671"]
[PlyCount "29"]
[EventDate "2014.03.15"]
[EventType "tourn"]
[EventRounds "13"]
[EventCountry "SRI"]
[SourceTitle "CBM 159 Extra"]
[Source "ChessBase"]
[SourceDate "2014.04.24"]
[SourceVersion "1"]
[SourceVersionDate "2014.04.24"]
[SourceQuality "1"]

1. d4 c5 2. Nf3 cxd4 3. Nxd4 d5 4. c3 e5 5. Nb3 Nc6 6. g3 Be6 7. Bg2 Qd7 8. Be3 b6 9. f4 e4 10. h3 h5 11. N1d2 Nge7 12. Bf2 Ng6 13. e3 Nce7 14. Qe2 Rc8 15. Rd1 1/2-1/2

[Event "SRI-ch (Women)"]
[Site "Colombo"]
[Date "2014.03.22"]
[Round "9"]
[White "Yashora, Tiumi"]
[Black "Koswatta, KWDMHU"]
[Result "1-0"]
[WhiteElo "1671"]
[BlackElo "1493"]
[PlyCount "98"]
[EventDate "2014.03.15"]
[EventType "tourn"]
[EventRounds "13"]
[EventCountry "SRI"]
[SourceTitle "CBM 159 Extra"]
[Source "ChessBase"]
[SourceDate "2014.04.24"]
[SourceVersion "1"]
[SourceVersionDate "2014.04.24"]
[SourceQuality "1"]

1. d4 Nf6 2. c4 g6 3. Nc3 d5 4. Qb3 e6 5. Bg5 Be7 6. e3 c6 7. cxd5 exd5 8. Bd3 Nbd7 9. Qc2 Nf8 10. Nf3 Ne6 11. Bh4 Nd7 12. Bxe7 Qxe7 13. Qe2 Qf6 14. b4 Nb6 15. Qb2 0-0 16. 0-0 Ng5 17. Nxg5 Qxg5 18. Kh1 Bf5 19. Qc2 Bxd3 20. Qxd3 a6 21. a4 Qe7 22. Rfb1 Rfd8 23. b5 axb5 24. axb5 c5 25. dxc5 Qxc5 26. g3 Rxa1 27. Rxa1 d4 28. Rd1 Nc4 29. exd4 Qc7 30. Qc2 Na3 31. Qb3 Qa5 32. Ra1 Ra8 33. Kg2 Qa7 34. Nb1 Qxd4 35. Rxa3 Qe4+ 36. Qf3 Qxf3+ 37. Rxf3 Ra5 38. Rb3 Kf8 39. Na3 Ke7 40. Nc4 Ra4 41. Ne3 Kd6 42. Rd3+ Ke7 43. f4 Ra5 44. Rd5 Ra2+ 45. Kh3 Rb2 46. Nc4 Rb4 47. Na5 Ke6 48. Re5+ Kd6 49. Nxb7+ Kd7 1-0

[Event "SRI-ch (Women)"]
[Site "Colombo"]
[Date "2014.03.15"]
[Round "2"]
[White "Yashora, Tiumi"]
[Black "Wickramasinghe, Dilhara Ishini"]
[Result "1-0"]
[WhiteElo "1671"]
[BlackElo "1551"]
[PlyCount "71"]
[EventDate "2014.03.15"]
[EventType "tourn"]
[EventRounds "13"]
[EventCountry "SRI"]
[SourceTitle "CBM 159 Extra"]
[Source "ChessBase"]
[SourceDate "2014.04.24"]
[SourceVersion "1"]
[SourceVersionDate "2014.04.24"]
[SourceQuality "1"]

1. d4 Nf6 2. c4 g6 3. Nc3 Bg7 4. e4 d6 5. f3 0-0 6. Bg5 c5 7. d5 Nbd7 8. Qd2 Qa5 9. Nh3 a6 10. Nf2 Rb8 11. a4 Re8 12. Nfd1 Ne5 13. Be2 b5 14. cxb5 c4 15. Ra3 Nfd7 16. Ne3 Qb4 17. Nc2 Qa5 18. Be3 Nb6 19. Nd4 Qb4 20. a5 Nd3+ 21. Bxd3 cxd3 22. Nc6 Nc4 23. Nxb4 Nxd2 24. Kxd2 axb5 25. a6 Bd7 26. a7 Ra8 27. Na6 Rec8 28. Bb6 Rc4 29. Rb3 Bd4 30. Bxd4 Rxd4 31. Nc7 Rxa7 32. N7xb5 Bxb5 33. Nxb5 Raa4 34. Nxd4 Rxd4 35. Rc1 Kg7 36. Rxd3 1-0

[Event "SRI-chB (Women)"]
[Site "Colombo"]
[Date "2014.02.28"]
[Round "6"]
[White "Gunaratne, Manisha Suchini"]
[Black "Yashora, Tiumi"]
[Result "1/2-1/2"]
[WhiteElo "1684"]
[BlackElo "1698"]
[PlyCount "37"]
[EventDate "2014.02.26"]
[EventType "swiss"]
[EventRounds "10"]
[EventCountry "SRI"]
[SourceTitle "CBM 159 Extra"]
[Source "ChessBase"]
[SourceDate "2014.04.24"]
[SourceVersion "1"]
[SourceVersionDate "2014.04.24"]
[SourceQuality "1"]

1. e4 c5 2. Nf3 Nc6 3. d4 cxd4 4. Nxd4 g6 5. Be3 Bg7 6. Nc3 Nf6 7. f3 0-0 8. Qd2 d5 9. Nxc6 bxc6 10. e5 Ne8 11. f4 f6 12. Bc5 Be6 13. Rd1 Nc7 14. exf6 Bxf6 15. Bd3 Bg4 16. Ne2 Qd7 17. h3 Bh5 18. Bf2 Bxe2 19. Kxe2 1/2-1/2

[Event "SRI-chB (Women)"]
[Site "Colombo"]
[Date "2014.02.27"]
[Round "4"]
[White "Koswatta, KWDMHU"]
[Black "Yashora, Tiumi"]
[Result "0-1"]
[WhiteElo "1493"]
[BlackElo "1698"]
[PlyCount "103"]
[EventDate "2014.02.26"]
[EventType "swiss"]
[EventRounds "10"]
[EventCountry "SRI"]
[SourceTitle "CBM 159 Extra"]
[Source "ChessBase"]
[SourceDate "2014.04.24"]
[SourceVersion "1"]
[SourceVersionDate "2014.04.24"]
[SourceQuality "1"]

1. c4 Nf6 2. Nc3 c5 3. g3 d5 4. Bg2 d4 5. Ne4 Nxe4 6. Bxe4 e5 7. d3 Nc6 8. Bg2 Be7 9. a3 Be6 10. Nf3 f6 11. e4 a6 12. h3 b5 13. b3 Rb8 14. 0-0 Qd7 15. Kh2 a5 16. Ne1 a4 17. cxb5 Rxb5 18. bxa4 Bb3 19. Qd2 Bxa4 20. f4 0-0 21. Rf2 Na5 22. Bf1 Kh8 23. Qe2 Rfb8 24. fxe5 fxe5 25. Qf3 Qe8 26. Qf5 Bf6 27. Bg5 Bxg5 28. Qxg5 h6 29. Qf5 Rb1 30. Rxb1 Rxb1 31. Nf3 Nc6 32. Nh4 Rb7 33. Ng6+ Kg8 34. h4 Rf7 35. Qxf7+ Qxf7 36. Rxf7 Kxf7 37. h5 Kf6 38. Be2 Na7 39. Nf8 Bb5 40. Ng6 Nc6 41. Nh4 Na5 42. Nf3 Nb3 43. Ne1 Nd2 44. Nc2 Nb1 45. g4 Ba4 46. Ne1 Nxa3 47. Kg2 Nb1 48. Nf3 Nc3 49. Bf1 Nd1 50. Be2 Nc3 51. Bf1 Bd1 52. Be2 0-1

[Event "Asia-ch U16 Girls"]
[Site "Hikkaduwa"]
[Date "2012.06.27"]
[Round "3.4"]
[White "Lasya, Goli"]
[Black "Yashora, Tiumi"]
[Result "1-0"]
[WhiteElo "1985"]
[BlackElo "1714"]
[PlyCount "101"]
[EventDate "2012.06.26"]
[EventType "swiss"]
[EventRounds "9"]
[EventCountry "SRI"]
[SourceTitle "EXT 2024"]
[Source "ChessBase"]
[SourceDate "2023.10.10"]
[SourceVersion "1"]
[SourceVersionDate "2023.10.10"]
[SourceQuality "1"]

1. e4 e5 2. Nf3 Nf6 3. Nxe5 d6 4. Nf3 Nxe4 5. Nc3 Nf6 6. d4 Bg4 7. h3 Bh5 8. Be2 Be7 9. Bf4 Nbd7 10. 0-0 h6 11. Re1 0-0 12. Nh4 Bxe2 13. Qxe2 Re8 14. Nf5 Bf8 15. Qf3 Rb8 16. Qg3 Kh7 17. Qd3 g6 18. Ng3 Bg7 19. h4 Rxe1+ 20. Rxe1 Ng4 21. f3 Ngf6 22. h5 Nf8 23. hxg6+ fxg6 24. Kf2 Qd7 25. Nce4 Nd5 26. Bd2 Ne6 27. Nh5 Rf8 28. c4 Bxd4+ 29. Kf1 Nf6 30. Qxd4 Nxh5 31. Qe3 Qg7 32. Bc3 Qd7 33. g4 Nef4 34. Kg1 Qd8 35. gxh5 gxh5 36. Ng3 Qg5 37. Qe7+ Kg8 38. Qxg5+ hxg5 39. Re7 Rf7 40. Re8+ Kh7 41. Ne4 Ne2+ 42. Kf2 Nxc3 43. Nxg5+ Kg7 44. bxc3 Rf5 45. Ne4 Kf7 46. Rc8 Ra5 47. Rxc7+ Ke6 48. Rxb7 Rxa2+ 49. Kg3 Ra4 50. Rc7 a5 51. Rc6 1-0